| 000 | 01052cam a22002295a 4500 | ||
|---|---|---|---|
| 001 | L154181 | ||
| 005 | 20250819133707.0 | ||
| 008 | 111024s2010 xxk f 000 0 eng d | ||
| 020 | _a9781859463413 | ||
| 035 | _a(Sirsi) u154181 | ||
| 041 | 0 | _aeng | |
| 050 | 0 | 4 | _a692.8 |
| 110 | 2 |
_aRIBA Enterprises _94631 |
|
| 245 | 0 | 0 |
_aRIBA standard agreement 2010 _bconsultant |
| 260 |
_aLondon _bRIBA _c2010 |
||
| 520 | _aDesigned to create a fair balance of risk between the consultant and the client and sets out the obligations of the parties. | ||
| 520 | _aIncludes - information sheet on principal changes in RIBA standard conditions of appointment 2010 from 2007 edition. - Printed RIBA Agreements 2010 Corrections released February 2011 - Schedules 2010 - Memorandum of Agreeement for the Appointment of a Consultant - Standard Agreement 2010 Notes Part 1 (use and completion) and Part 2 (Model Letter) | ||
| 590 | _aKA NTK | ||
| 651 | 4 |
_aEngland and Wales _y1543- |
|
| 690 | _aBUILT ENVIRONMENT-CONSTRUCTION MANAGEMENT | ||
| 942 |
_n0 _2ddc |
||
| 999 |
_c112877 _d112877 |
||